000 00978 a2200265 4500
005 20140903175012.0
008 131127s1998 xxuad fr 001 0 eng
020 _a0804742766
020 _a9780804742764
040 _aCO-BoUCM
_bspa
_cJose A. Gerena
_dDiana Londoño
041 0 0 _aeng
245 0 4 _aThe New Institutionalism in Sociology
_ceditado por Mary C. Brinton y Victor Nee
260 _bStanford University press
_aStanford (California, Estados Unidos)
_c1998
300 _axix, 332 páginas
_bilustraciones, cuadros, gráficas
504 _aIncluye referencias bibliográficas e índices
650 7 _aCambio social
_910356
650 7 _aEconómia
_xAspectos sociales
_934083
650 7 _aInstituciones financieras
_917761
650 7 _aNormas sociales
_920444
690 _aSociología
700 1 _aBrinton, Mary C.
_eeditor
_952797
700 1 _aNee, Victor
_eeditor
_952798
942 _cLIBRO
_a1
_e1
_mB858
_2DEWEY
_h306
999 _c183687
_d183687